| 000 | 00707nam a2200205 i 4500 | ||
|---|---|---|---|
| 001 | 90594 | ||
| 003 | ES-MaACL | ||
| 005 | 20230906180511.0 | ||
| 007 | t| | ||
| 008 | 050121s1915 sp ||||1| spa d | ||
| 100 | 1 |
_aLehmann, K. B. _971336 |
|
| 245 | 1 | 0 |
_aAtlas y elementos de bacteriología y compendio del diagnóstico bacteriológico especial / _cpor K. B. Lehmann y R. Neumann ; traducción por Antonio Ruiz Falcó. |
| 260 |
_aMadrid : _bLibrería Académica, _c1915 ( _fHijos de Tello) |
||
| 300 |
_a1 v., 4 lám. : _bil. ; _c20 cm. |
||
| 500 | _aEs el vol. II. | ||
| 700 | 1 |
_aNeumann, R. _985449 |
|
| 700 | 1 |
_aRuiz Falco, Antonio. _9211536 |
|
| 852 |
_aES-MaACL _jB-11929-30 |
||
| 999 |
_c90594 _d90594 |
||